| 000 | 01069nam a2200241 a 4500 | ||
|---|---|---|---|
| 001 | 76483 | ||
| 003 | BD-RjUL | ||
| 005 | 20211209082841.0 | ||
| 008 | 191211s1962 ii ||||| |||| 00| 0dben d | ||
| 020 | _c: IRs. 10.00 | ||
| 035 | _a(BD-RjUL)76705 | ||
| 040 |
_aBD-RjUL _bben _cBD-RjUL _dBD-RjUL |
||
| 041 | _aben | ||
| 082 |
_223 _a891.4409 _bKHB 1962 |
||
| 100 | 1 |
_aখান, আজহারউদ্দীন _9236292 |
|
| 245 | 1 | 0 |
_aবাংলা সাহিত্যে নজরুল / _cআজহারউদ্দীন খান |
| 250 | _a৪র্থ সং. | ||
| 260 |
_aকলিকাতা : _bডি এম লাইব্রেরী, _c১৯৬২ (আশ্বিন ১৩৬৯) |
||
| 300 |
_a[১৪], ৩৯১, [১] পৃ. ; _c২২ সেমি. |
||
| 600 |
_aইসলাম, কাজী নজরুল, _d১৮৯৯-১৯৭৬ _xরচনাবলী _xইতিহাস ও সমালোচনা _9236293 |
||
| 600 |
_aIslam,Qazi Nazrul, _d1899-1976 _xCollected Works _xHistory and Criticism _9236151 |
||
| 942 |
_2ddc _cBK |
||
| 999 |
_c76483 _d76483 |
||